[Event "AUTO-ELITE-2611"]
[Site "http://www.queenalice.com/game.php?id=1869790"]
[Date "2026.2.25"]
[Round "1"]
[White "Donidon"]
[Black "raulzampronha"]
[Result "1-0"]
[WhiteElo "2260"]
[BlackElo "2260"]

1. e4 c5 2. Nf3 e6 3. d4 cxd4 4. Nxd4 Nf6 5. Nc3 d6 6. Be2 Be7 7. O-O O-O 8. Be3
a6 9. f3 b5 10. a3 Bb7 11. Kh1 Nbd7 12. Qe1 Rc8 13. Bg1 Qc7 14. Qg3 Nb6 15. a4
b4 16. Na2 d5 17. e5 Nfd7 18. f4 Nc4 19. Qe1 a5 20. b3 Na3 21. c3 Bc5 22. Rc1
Qb6 23. Qd1 Rfd8 24. cxb4 axb4 25. Qd2 Rb8 26. f5 1-0

[Event "AUTO-ELITE-2611"]
[Site "http://www.queenalice.com/game.php?id=1869791"]
[Date "2026.2.25"]
[Round "1"]
[White "raulzampronha"]
[Black "Donidon"]
[Result "0-1"]
[WhiteElo "2244"]
[BlackElo "2279"]

1. e4 e5 2. Nf3 Nf6 3. d4 Nxe4 4. dxe5 d5 5. Nbd2 Nxd2 6. Qxd2 c5 7. Bb5+ Nc6 8.
O-O Bg4 9. Qf4 Qd7 10. e6 Bxe6 11. Re1 Bd6 12. Qh4 a6 13. Bxc6 Qxc6 14. Ng5
O-O-O 15. Nxe6 fxe6 16. Bd2 e5 17. c4 d4 18. Re4 Kb8 19. f3 h6 20. a3 g5 21. Qe1
Rhg8 22. Qe2 h5 23. b4 b5 24. bxc5 Qxc5 25. cxb5 Qxb5 26. Qe1 Ka8 27. Rb1 Qd5
28. Bb4 Bc7 29. Rc1 Bb8 30. Rc5 Qb7 31. Rcxe5 Bxe5 32. Rxe5 d3 33. Bd2 Qb6+ 34.
Kh1 g4 35. Re6 Qb7 0-1